<?xml version="1.0" encoding="UTF-8"?>
<marc:record xmlns:marc="http://www.loc.gov/MARC21/slim">
   <marc:leader>00000nam a2200000 a 4500</marc:leader>
   <marc:datafield ind1="1" ind2=" " tag="100">
      <marc:subfield code="a">Ebner, Johann und Gabi</marc:subfield>
      <marc:subfield code="4">aut</marc:subfield>
      <marc:subfield code="e">Verfasser/-in</marc:subfield>
   </marc:datafield>
   <marc:datafield ind1="0" ind2="0" tag="245">
      <marc:subfield code="a">Vegan &amp; basisch</marc:subfield>
   </marc:datafield>
   <marc:datafield ind1="0" ind2="0" tag="245">
      <marc:subfield code="b">Die gesündeste Art des Kochens&#xD;
100 Rezepte</marc:subfield>
   </marc:datafield>
   <marc:datafield ind1="0" ind2="0" tag="245">
      <marc:subfield code="c">Ebner, Johann und Gabi</marc:subfield>
   </marc:datafield>
   <marc:datafield ind1=" " ind2="1" tag="264">
      <marc:subfield code="c">2015</marc:subfield>
   </marc:datafield>
   <marc:datafield ind1="1" ind2=" " tag="520">
      <marc:subfield code="a">Viele Menschen entscheiden sich für vegane Ernährung, ohne dabei auf die Säure-Basen-Balance zu achten. Tendenziell leiden wir alle an einem Säureüberschuss. Deshalb ist es für den menschlichen Körper wichtig, jedem Gericht 'Basenlieferanten' hinzuzufügen. In diesem Kochbuch werden bei jedem Rezept reichlich hochwertige Öle, Kräuter, Gewürze und Fermentationsprodukte verwendet. Veganes und basisches Essen ist dabei keine Erfindung der letzten Jahre. Unsere unmittelbaren Vorfahren haben täglich Basensuppen in Form von Gemüsesuppen gegessen und wussten um die gesundheitlichen Vorzüge von fermentierten Produkten wie Sauerkraut oder eingelegtem Gemüse. Wie man rohes Gemüse 'basisch machen' kann und welche Zutaten man für die vegan-basische Küche benötigt, wird ausführlich beschrieben. Das Herzstück bilden mehr als 100 einfache und erprobte Rezepte. Aus dem Inhalt: Vorwort von Heather Mills, Inhaberin einer veganen Restaurantkette; ausführliche Warenkunde der Basenzutaten; mehr als 100 vegan-basische Rezepte: Vorspeisen, Salate, Dips, Suppen, warme Gerichte und Süßes.</marc:subfield>
   </marc:datafield>
   <marc:datafield ind1=" " ind2=" " tag="020">
      <marc:subfield code="a">9783708806358</marc:subfield>
      <marc:subfield code="9">9783708806358</marc:subfield>
   </marc:datafield>
   <marc:datafield ind1=" " ind2=" " tag="020">
      <marc:subfield code="a">3708806352</marc:subfield>
      <marc:subfield code="9">3708806352</marc:subfield>
   </marc:datafield>
   <marc:datafield ind1=" " ind2=" " tag="338">
      <marc:subfield code="a">Band</marc:subfield>
   </marc:datafield>
   <marc:datafield ind1=" " ind2=" " tag="300">
      <marc:subfield code="a">140 S.</marc:subfield>
   </marc:datafield>
</marc:record>
